Health and safety: the state of play (Record no. 74436)

MARC details
000 -LEADER
fixed length control field 01226cab a2200241 4500
001 - CONTROL NUMBER
control field ABS67926
008 - FIXED-LENGTH DATA ELEMENTS--GENERAL INFORMATION
fixed length control field 040623n2004 000 0 eng u
035 ## - SYSTEM CONTROL NUMBER
System control number (Sirsi) u126570
100 ## - MAIN ENTRY--PERSONAL NAME
Personal name Fidderman, H.
245 ## - TITLE STATEMENT
Title Health and safety: the state of play
260 ## - PUBLICATION, DISTRIBUTION, ETC.
Date of publication, distribution, etc. 2004
490 ## - SERIES STATEMENT
Series statement Health and Safety Bulletin
Volume/sequential designation (329) June 2004, 8-14(7)
520 ## - SUMMARY, ETC.
Summary, etc. Compiled by the "Health and Safety Bulletin" in its state of play table, this article reviews all the activities and developments affecting both the Health and Safety Commission and the HSE over the period 11 December 2003 to 13 May 2004. Subject areas covered include: accidents; asbestos; construction; corporate social responsibility; fire; insurance; and noise. The table also gives details of the latest position with regard to legislative proposals and provides advance notice of important developments in health and safety.
590 ## - LOCAL NOTE (RLIN)
Local note ABS
650 ## - SUBJECT ADDED ENTRY--TOPICAL TERM
Topical term or geographic name entry element ACCIDENTS
650 ## - SUBJECT ADDED ENTRY--TOPICAL TERM
Topical term or geographic name entry element MANAGEMENT-HEALTH AND SAFETY-HAZARDOUS SUBSTANCES-ASBESTOS
650 ## - SUBJECT ADDED ENTRY--TOPICAL TERM
Topical term or geographic name entry element HEALTH AND SAFETY COMMISSION
650 ## - SUBJECT ADDED ENTRY--TOPICAL TERM
Topical term or geographic name entry element HEALTH AND SAFETY EXECUTIVE
650 ## - SUBJECT ADDED ENTRY--TOPICAL TERM
Topical term or geographic name entry element LEGISLATION
650 ## - SUBJECT ADDED ENTRY--TOPICAL TERM
Topical term or geographic name entry element CORPORATE SOCIAL RESPONSIBILITY
690 ## - LOCAL SUBJECT ADDED ENTRY--TOPICAL TERM (OCLC, RLIN)
Topical term or geographic name as entry element HEALTH AND SAFETY
9 (RLIN) 6244
942 ## - ADDED ENTRY ELEMENTS (KOHA)
Suppress in OPAC 0
Holdings
Withdrawn status Lost status Source of classification or shelving scheme Damaged status Not for loan Home library Current library Shelving location Date acquired Total Checkouts Full call number Barcode Date last seen Copy number Price effective from Koha item type
    Dewey Decimal Classification     London London Journal article 23/06/2004   ABS67926 126570-1001 06/08/2019 1 06/08/2019 Journal article